Planning Areas of Singapore - Statistics

General Stats
  • This quiz has been taken 15 times
    10 since last reset
  • The average score is 28 of 55
Answer Stats
Region Planning Areas % Correct
Central Bishan
89%
North Woodlands
89%
East Bedok
78%
West Bukit Panjang
78%
Central Orchard
78%
East Tampines
78%
North Yishun
78%
North-East Ang Mo Kio
67%
Central Bukit Timah
67%
West Choa Chu Kang
67%
West Clementi
67%
West Jurong East
67%
East Pasir Ris
67%
North-East Punggol
67%
North-East Serangoon
67%
West Boon Lay
56%
West Bukit Batok
56%
East Changi
56%
North-East Hougang
56%
Central Newton
56%
East Paya Lebar
56%
Central Queenstown
56%
North Sembawang
56%
North-East Sengkang
56%
Central Bukit Merah
44%
East Changi Bay
44%
Central Geylang
44%
West Jurong West
44%
Central Kallang
44%
North Lim Chu Kang
44%
North Mandai
44%
Central Novena
44%
Central Rochor
44%
North-East Seletar
44%
Central Singapore River
44%
North Sungei Kadut
44%
West Tengah
44%
Central Toa Payoh
44%
West Tuas
44%
West Western Islands
44%
West Western Water Catchment
44%
North Central Water Catchment
33%
Central Downtown Core
33%
Central Marina East
33%
Central Marina South
33%
Central Museum
33%
North-East North-Eastern Islands
33%
Central Outram
33%
West Pioneer
33%
Central River Valley
33%
North Simpang
33%
Central Southern Islands
33%
Central Straits View
33%
Central Tanglin
33%
Central Marine Parade
22%
No matching quizzes found
Score Distribution
Percent of People with Each Score
Percentile by Number Answered
Your Score History
You have not taken this quiz since the last reset